Outcomes based practical guide to thesis and capstone project writing in computing (Record no. 365185)
[ view plain ]
| 000 -LEADER | |
|---|---|
| fixed length control field | 00669nam a22001937a 4500 |
| 003 - CONTROL NUMBER IDENTIFIER | |
| control field | 0 |
| 005 - DATE AND TIME OF LATEST TRANSACTION | |
| control field | 20230823100151.0 |
| 008 - FIXED-LENGTH DATA ELEMENTS--GENERAL INFORMATION | |
| fixed length control field | 230823b xxu||||| |||| 00| 0 eng d |
| 020 ## - INTERNATIONAL STANDARD BOOK NUMBER | |
| International Standard Book Number | 978-621-406-342 |
| 050 ## - LIBRARY OF CONGRESS CALL NUMBER | |
| Classification number | LB 2326.3 |
| Item number | .Ou98 2022 |
| 245 ## - TITLE STATEMENT | |
| Title | Outcomes based practical guide to thesis and capstone project writing in computing |
| 260 ## - PUBLICATION, DISTRIBUTION, ETC. (IMPRINT) | |
| Place of publication, distribution, etc | Manila |
| Name of publisher, distributor, etc | Mindshapers Co., Inc. |
| Date of publication, distribution, etc | c2022. |
| 300 ## - PHYSICAL DESCRIPTION | |
| Extent | viii, 257 pages : |
| Other physical details | ill. ; |
| Dimensions | 26 cm. |
| 500 ## - GENERAL NOTE | |
| General note | Research study and teaching (higher). |
| 650 ## - SUBJECT ADDED ENTRY--TOPICAL TERM | |
| Topical term or geographic name as entry element | Research study and teaching (higher). |
| 650 ## - SUBJECT ADDED ENTRY--TOPICAL TERM | |
| Topical term or geographic name as entry element | Computer science--study and teaching (higher) |
| 650 ## - SUBJECT ADDED ENTRY--TOPICAL TERM | |
| Topical term or geographic name as entry element | Computer Science -- Research |
| 942 ## - ADDED ENTRY ELEMENTS (KOHA) | |
| Source of classification or shelving scheme | Library of Congress Classification |
| Koha item type | Books |
| Withdrawn status | Lost status | Source of classification or shelving scheme | Damaged status | Home library | Current library | Shelving location | Date acquired | Source of acquisition | Sub Shelving location | Total Checkouts | Total Renewals | Full call number | Barcode | Date last seen | Date checked out | Price effective from | Koha item type |
|---|---|---|---|---|---|---|---|---|---|---|---|---|---|---|---|---|---|
| Library of Congress Classification | College Library | College Library | Filipiniana Section | 08/23/2023 | Library Fund | 1 | 1 | LB 2326.3 .Ou98 2022 | C22894 | 05/23/2025 | 04/11/2025 | 08/23/2023 | Books |